[Event "SC Weiße Dame Ulm 1 - SK Bebenhausen 1"]
[Site "Oberliga Württemberg 2017/2018"]
[Date "2018.02.18"]
[Round "7"]
[White "Fleischer, Frank"]
[Black "Bräuning, Rudolf Wilhelm"]
[Result "0-1"]
[WhiteElo "2171"]
[BlackElo "2259"]
[Annotator ""]
[Source ""]
[Remark ""]

1.e4 c5 2.c3 d5 3.exd5 Qxd5 4.d4 Nc6 5.Nf3 Bf5 6.Be3 Nf6 7.Be2
cxd4 8.cxd4 Bxb1 9.Rxb1 e6 10.a3 Be7 11.O-O O-O 12.Qd3 Rfd8 13.Rfd1
Rac8 14.Rbc1 a6 15.Qb1 Qh5 16.b4 Ng4 17.Bf4 Nf6 18.Qb2 Qf5 19.Bg3
Nd5 20.Bd3 {(=)} Qh5 21.Be2 Qh6 22.Bf1 Bf6 23.Rc5 g6 24.Rdc1
Nb6 25.Qb3 Nxd4 26.Nxd4 Bxd4 27.Rxc8 Nxc8 28.Rc7 b5 29.Qf3 Qf8
30.Bh4 Rd5 31.Bd3 Nd6 32.Rd7 Nf5 33.Rxd5 Nxh4 34.Qf4 exd5 35.Qxd4
Qd8 36.f3 Nf5 37.Bxf5 gxf5 38.Kf2 Qd6 39.g3 h6 40.Ke3 Qe6+ 41.Kd3
Qe1 42.Qe3 Qd1+ 43.Kc3 Qa1+ 44.Kb3 d4 45.Qd3 Kg7 46.h3 Kf6 47.Kc2
Qa2+ 48.Kd1 Qc4 49.Qd2 Kg6 50.g4 fxg4 51.fxg4 Qb3+ 52.Ke2 Qxa3
53.Qxd4 Qxh3 0-1

[Event "SC Weiße Dame Ulm 1 - SK Bebenhausen 1"]
[Site "Oberliga Württemberg 2017/2018"]
[Date "2018.02.18"]
[Round "7"]
[White "Carstens, Andreas"]
[Black "Egle, Heiko"]
[Result "1-0"]
[WhiteElo "2195"]
[BlackElo "2164"]
[Annotator ""]
[Source ""]
[Remark ""]

1.e4 e6 2.d4 d5 3.Nd2 Nf6 4.e5 Nfd7 5.c3 c5 6.Bd3 Nc6 7.Ne2 cxd4
8.cxd4 f6 9.exf6 Nxf6 10.Nf3 Bd6 11.O-O Qc7 12.Bg5 O-O 13.Rc1
Ng4 14.h3 Rxf3 15.gxf3 Nh2 16.Bxh7+ Kh8 17.Qd3 Qf7 18.f4 Nxf1
19.Bg6 Nb4 20.Bxf7 Nxd3 21.Rxf1 Nxb2 22.Rb1 Nc4 23.f5 exf5 24.Bxd5
Nb6 25.Bf3 Rb8 26.Nc3 Bd7 27.Nb5 Bxb5 28.Rxb5 g6 29.a4 Nxa4 30.Bf6+
Kg8 31.Rd5 Bf4 32.Rd7 Nc3 33.Bxb7 a5 34.Bc6 a4 35.Rg7+ Kf8 36.Ra7
Rb6 37.d5 Ne4 38.Bg7+ Kg8 39.Bd4 Rb4 40.Rxa4 Rxa4 41.Bxa4 Kf7
42.f3 Nd6 43.Kf2 Ke7 44.Ke2 Kf7 45.Kd3 Bg3 46.Bd7 Ke7 47.Ba4
Kf7 48.Bd1 Ke7 49.Be2 Nf7 50.Bc5+ Nd6 51.Ke3 Kd7 52.Bd3 Ke7 53.Bb4
Kd7 54.Kd4 Kc7 55.Ba5+ Kd7 56.Bd2 Bh4 57.Bf4 Be1 58.Be3 Bg3 59.Kc5
Kc7 60.Bb5 Nb7+ 61.Kd4 Nd6 62.Bc6 Be1 63.Bf4 Bf2+ 64.Ke5 1-0

[Event "SC Weiße Dame Ulm 1 - SK Bebenhausen 1"]
[Site "Oberliga Württemberg 2017/2018"]
[Date "2018.02.18"]
[Round "7"]
[White "Weber, Franz-Josef"]
[Black "Frick, Christoph"]
[Result "0-1"]
[WhiteElo "2046"]
[BlackElo "2215"]
[Annotator ""]
[Source ""]
[Remark ""]

1.e4 c6 2.Ne2 d5 3.e5 Bf5 4.Ng3 Bg6 5.h4 h5 6.e6 Qd6 7.exf7+
Bxf7 8.d4 e5 9.dxe5 Qxe5+ 10.Be2 Bc5 11.Nd2 Nf6 12.Nf3 Qc7 13.Bg5
Nbd7 14.Qd2 O-O-O 15.Bf4 Qb6 16.O-O Bg6 17.Ng5 Qxb2 18.Bd3 Bxd3
19.Qxd3 Rde8 20.Nf5 Ne5 21.Bxe5 Rxe5 22.Rfb1 Qa3 23.Rb3 Qa4 24.Nf7
Rhe8 25.N5d6+ Kb8 26.Nxe8 Rxe8 27.Rab1 Qxh4 28.g3 Qh3 29.Nd6
Bxf2+ 30.Kxf2 Ng4+ 0-1

[Event "SC Weiße Dame Ulm 1 - SK Bebenhausen 1"]
[Site "Oberliga Württemberg 2017/2018"]
[Date "2018.02.18"]
[Round "7"]
[White "Latzke, Boris"]
[Black "Wolf, Rainer"]
[Result "1-0"]
[WhiteElo "2192"]
[BlackElo "2023"]
[Annotator ""]
[Source ""]
[Remark ""]

1.d4 d5 2.c4 dxc4 3.e3 Nc6 4.Nf3 Bg4 5.Bxc4 e6 6.h3 Bh5 7.Nc3
Nf6 8.Be2 Bg6 9.Nh4 Be7 10.Nxg6 hxg6 11.Bf3 Qd7 12.O-O a6 13.Bd2
Rb8 14.Rc1 e5 15.Bxc6 bxc6 16.dxe5 Rxb2 17.exf6 Rxd2 18.fxg7
Rg8 19.Qa4 f5 20.Rfd1 Rxd1+ 21.Rxd1 Bd6 22.e4 fxe4 23.Nxe4 Ke7
24.Re1 Qe6 25.Kf1 Be5 26.Ng5 1-0

[Event "SC Weiße Dame Ulm 1 - SK Bebenhausen 1"]
[Site "Oberliga Württemberg 2017/2018"]
[Date "2018.02.18"]
[Round "7"]
[White "Gebhardt, Uwe"]
[Black "Khadempour, Farhad"]
[Result "0-1"]
[WhiteElo "1939"]
[BlackElo "2141"]
[Annotator ""]
[Source ""]
[Remark ""]

1.d4 Nf6 2.Bf4 d5 3.e3 c6 4.Bd3 g6 5.Nf3 Bg7 6.Nbd2 O-O 7.h3
Nbd7 8.O-O b6 9.Qe2 Bb7 10.Ne5 c5 11.c3 e6 12.Bg5 Qc7 13.f4 Rac8
14.Bh4 Qd6 15.Rad1 {(=)} a6 16.Ndf3 b5 17.Nxd7 Nxd7 18.Ne5 Rc7
19.Bf2 c4 20.Bc2 f5 21.Be1 Nxe5 22.fxe5 Qe7 23.Rf3 Bc6 24.Ra1
a5 25.a3 Be8 26.Bd2 Bh6 27.Raf1 Rf7 28.Kh1 Kh8 29.Be1 Rb7 30.Bd2
Qh4 31.Be1 Qh5 32.Bd1 Qg5 33.Rg3 Qd8 34.Rgf3 Bf8 35.Kh2 b4 36.axb4
axb4 37.g4 bxc3 38.Bxc3 Bb4 39.gxf5 Bxc3 40.bxc3 Rxf5 41.Rxf5
gxf5 42.Rg1 Qh4 43.Rg2 Bg6 44.Qa2 Re7 45.Qa3 Re8 46.Qa4 Qh6 47.Qd7
Qf8 48.Qc6 Re7 49.Qd6 Qf7 50.Rb2 Kg7 51.Rg2 Kh6 52.Qd8 Qe8 53.Qb6
Rf7 54.Qb2 Qe7 55.Qf2 Rf8 56.Qf4+ Kg7 57.Bh5 Ra8 58.Qg3 Qf7 59.Qg5
Ra3 60.Rc2 Rb3 61.Be2 h6 62.Qg3 Kh7 63.Qf2 f4 64.Rc1 Rb2 65.Re1
f3 0-1

[Event "SC Weiße Dame Ulm 1 - SK Bebenhausen 1"]
[Site "Oberliga Württemberg 2017/2018"]
[Date "2018.02.18"]
[Round "7"]
[White "Roth, Jürgen Eugen"]
[Black "Hartmann, Thomas"]
[Result "1-0"]
[WhiteElo "2099"]
[BlackElo "1951"]
[Annotator ""]
[Source ""]
[Remark ""]

1.Nf3 d5 2.e3 c5 3.c4 Nf6 4.cxd5 Nxd5 5.Nc3 Nc6 6.Bb5 Nxc3 7.bxc3
Bd7 8.O-O a6 9.Bxc6 Bxc6 10.Ne5 Qd5 11.Nxc6 Qxc6 12.d4 Rd8 13.Rb1
e6 14.Qg4 h5 15.Qe2 h4 16.h3 Rh6 17.e4 Rg6 18.d5 Qc7 19.c4 Be7
20.Qh5 exd5 21.exd5 b6 22.Re1 Kd7 23.Qf5+ Ke8 24.Bf4 Qc8 25.Qxc8 1-0

[Event "SC Weiße Dame Ulm 1 - SK Bebenhausen 1"]
[Site "Oberliga Württemberg 2017/2018"]
[Date "2018.02.18"]
[Round "7"]
[White "Zitzelsberger, Philipp"]
[Black "Kitzberger, Joachim"]
[Result "1/2-1/2"]
[WhiteElo "1849"]
[BlackElo "2046"]
[Annotator ""]
[Source ""]
[Remark ""]

1.d4 d5 2.Nf3 Nf6 3.g3 Bg4 4.Bg2 e6 5.O-O Be7 6.c4 O-O 7.Nbd2
c6 8.Ne5 Bh5 9.Re1 Nbd7 10.Ndf3 Ne4 11.Qb3 Qc8 12.cxd5 exd5 13.Bf4
Ndf6 14.Ng5 Bg6 15.Bh3 Bf5 16.Bxf5 Qxf5 17.Qxb7 Nxg5 18.Bxg5
Ng4 19.Bf4 Bg5 20.Nxc6 Rae8 21.h3 Bxf4 22.hxg4 Qxg4 23.e3 Bxg3
24.fxg3 Qxg3+ 25.Kf1 Qf3+ 26.Kg1 Qg3+ 27.Kf1 Qf3+ 1/2-1/2

[Event "Heilbronner SV 1 - Stuttgarter SF 1"]
[Site "Oberliga Württemberg 2017/2018"]
[Date "2018.02.18"]
[Round "7"]
[White "Kvetny, Mark"]
[Black "Zuferi, Enis"]
[Result "1/2-1/2"]
[WhiteElo "2385"]
[BlackElo "2310"]
[Annotator ""]
[Source ""]
[Remark ""]

1.c4 g6 2.e4 e5 3.Nc3 Bg7 4.g3 Nc6 5.Bg2 d6 6.d3 Nf6 7.Nge2 O-O
8.O-O Nd7 9.Be3 Nc5 10.Qd2 Bd7 11.f4 Ne6 12.f5 Ned4 13.Nd5 f6
14.Bxd4 Nxd4 15.Nxd4 exd4 16.Qf2 c6 17.Nf4 gxf5 18.exf5 Bxf5
19.Qxd4 Qb6 20.Qxb6 axb6 21.a3 Rae8 22.Rae1 Kf7 23.Kf2 Bd7 24.Bf3
Bf5 25.h4 Bh6 26.Bh5+ Bg6 27.Nxg6 hxg6 28.Bf3 1/2-1/2

[Event "Heilbronner SV 1 - Stuttgarter SF 1"]
[Site "Oberliga Württemberg 2017/2018"]
[Date "2018.02.18"]
[Round "7"]
[White "Schmidt, Tobias"]
[Black "Benkovic, Petar"]
[Result "0-1"]
[WhiteElo "2223"]
[BlackElo "2307"]
[Annotator ""]
[Source ""]
[Remark ""]

1.e4 c5 2.c3 Nf6 3.e5 Nd5 4.Nf3 e6 5.Bc4 d6 6.d4 cxd4 7.cxd4
Nc6 8.O-O Be7 9.Bd2 O-O 10.Nc3 Nxc3 11.Bxc3 dxe5 12.dxe5 Qb6
13.Qe2 Rd8 14.Qe4 Bd7 15.Bd3 g6 16.Qg4 Nb4 17.Bd4 Qa5 18.Be4
Bc6 19.a3 Bxe4 20.Qxe4 Nc6 21.Bc3 Qd5 22.Qe3 Rd7 23.h4 Rad8 24.h5
Qd3 25.Qf4 Qf5 26.Qxf5 gxf5 27.Kh2 Rd3 28.Rfe1 Kg7 29.Re2 Kh6
30.Bd2+ Kxh5 31.Be3 h6 32.b4 a6 33.Bc5 Bxc5 34.bxc5 Rc3 35.Rb2
Rd7 36.Rab1 Na5 37.Rb4 Rxc5 38.Rh4+ Kg6 39.Rh1 Rc4 40.Rh3 Nc6
41.g3 Ne7 42.Kg2 Ng8 43.Rh4 Rxh4 44.Nxh4+ Kg7 45.Rc1 Ne7 46.Rc3
Nc6 47.f4 Rd4 48.Kf2 Ra4 49.Nf3 Na5 50.Nd2 b5 51.Ke3 Kg6 52.Ke2
Kh5 53.Rc7 Rxa3 54.Rxf7 Rxg3 55.Ra7 Nc6 56.Rxa6 Nd4+ 57.Ke1 Re3+
58.Kd1 Rh3 59.Kc1 Ne2+ 60.Kc2 Nxf4 61.Rb6 Ne2 62.Nb3 Re3 63.Nd2
Nd4+ 64.Kb2 Rxe5 65.Rd6 Rd5 0-1

[Event "Heilbronner SV 1 - Stuttgarter SF 1"]
[Site "Oberliga Württemberg 2017/2018"]
[Date "2018.02.18"]
[Round "7"]
[White "Neyman, Igor"]
[Black "Pogorelow, Jewgeni"]
[Result "1-0"]
[WhiteElo "2276"]
[BlackElo "2177"]
[Annotator ""]
[Source ""]
[Remark ""]

1.c4 e5 2.Nc3 Nc6 3.g3 g6 4.Bg2 Bg7 5.e3 Nge7 6.Nge2 Nf5 7.d3
O-O 8.Rb1 d6 9.b4 h5 10.h3 Nce7 11.O-O c6 12.b5 Be6 13.bxc6 bxc6
14.Ba3 Qc7 15.Qa4 Rae8 16.Ne4 Nc8 17.Qa6 c5 18.Rb7 Qd8 19.N2c3
Nh6 20.Nb5 f5 21.Nexd6 Nxd6 22.Nxd6 f4 23.Nxe8 Rxe8 24.Qxa7 Bf6
25.exf4 exf4 26.Bxc5 Qxd3 27.Rb8 Bd8 28.Qa4 Bd7 29.Qd1 1-0

[Event "Heilbronner SV 1 - Stuttgarter SF 1"]
[Site "Oberliga Württemberg 2017/2018"]
[Date "2018.02.18"]
[Round "7"]
[White "Degenhard, Simon"]
[Black "Strunski, Andreas"]
[Result "0-1"]
[WhiteElo "2167"]
[BlackElo "2229"]
[Annotator ""]
[Source ""]
[Remark ""]

1.e4 c5 2.Nf3 e6 3.Nc3 Nc6 4.d4 cxd4 5.Nxd4 Qc7 6.Be3 a6 7.Be2
Nf6 8.a3 Nxd4 9.Qxd4 Bd6 10.Qd2 O-O 11.f4 e5 12.f5 Bc5 13.Bg5
Qb6 14.Na4 Bf2+ 15.Kf1 Qd4 16.Qxd4 Bxd4 17.Bxf6 gxf6 18.c3 Ba7
19.c4 b5 20.Nc3 bxc4 21.Bxc4 Bb7 22.Bd5 Rab8 23.Rb1 Rfc8 24.Bxb7
Rxb7 25.Ke2 Bd4 26.Kd2 Rxb2+ 27.Rxb2 Bxc3+ 28.Kc2 Bxb2+ 29.Kxb2
Rc4 30.Rd1 Rxe4 31.Rxd7 Re2+ 32.Kc3 Rxg2 33.Rd6 a5 34.Rxf6 Rxh2
35.Kd3 Rh4 36.Ra6 Ra4 37.f6 h5 38.Ra8+ Kh7 39.Re8 e4+ 40.Ke3
Kg6 41.Rh8 Rc4 42.Kf4 h4 43.Ra8 Ra4 44.Rh8 Kxf6 45.Ke3 Ke5 46.Re8+
Kf5 0-1

[Event "Heilbronner SV 1 - Stuttgarter SF 1"]
[Site "Oberliga Württemberg 2017/2018"]
[Date "2018.02.18"]
[Round "7"]
[White "Fritsch, Rolf"]
[Black "Stürmer, Robin"]
[Result "1-0"]
[WhiteElo "2167"]
[BlackElo "2216"]
[Annotator ""]
[Source ""]
[Remark ""]

1.d4 d5 2.Bf4 c6 3.e3 Qb6 4.b3 Bf5 5.Nf3 e6 6.Be2 Bb4+ 7.Nfd2
Nf6 8.O-O O-O 9.c4 Nbd7 10.a3 Qa5 11.Ra2 c5 12.Bd6 Rfc8 13.cxd5
exd5 14.dxc5 Bxc5 15.b4 1-0

[Event "Heilbronner SV 1 - Stuttgarter SF 1"]
[Site "Oberliga Württemberg 2017/2018"]
[Date "2018.02.18"]
[Round "7"]
[White "Tschlatscher, Thomas"]
[Black "Gabriel, Robert"]
[Result "1/2-1/2"]
[WhiteElo "2117"]
[BlackElo "2133"]
[Annotator ""]
[Source ""]
[Remark ""]

1.b3 d5 2.Bb2 Bf5 3.e3 e6 4.Nf3 Nf6 5.Be2 Nbd7 6.Nh4 Bg6 7.g3
Bd6 8.d3 c6 9.Nd2 O-O 10.Nxg6 hxg6 11.O-O Qe7 12.a3 e5 13.c4
e4 14.Qc2 Rfe8 15.Rfd1 a5 16.cxd5 cxd5 17.dxe4 Rac8 18.Qb1 Nxe4
19.Nxe4 dxe4 20.Rd5 Rc5 21.Qd1 Rxd5 22.Qxd5 Be5 23.Bxe5 Qxe5
24.Rd1 Nc5 25.Qxe5 Rxe5 26.Rd8+ Kh7 27.Bc4 f5 28.h4 Re7 29.Rd5
Rc7 30.Rd6 a4 31.b4 Nd7 32.Bb5 Ne5 33.Bxa4 Rc1+ 34.Kg2 Nf3 35.Be8
Rg1+ 36.Kh3 Rh1+ 37.Kg2 Rh2+ 38.Kf1 Rh1+ 39.Kg2 Rh2+ 1/2-1/2

[Event "Heilbronner SV 1 - Stuttgarter SF 1"]
[Site "Oberliga Württemberg 2017/2018"]
[Date "2018.02.18"]
[Round "7"]
[White "Seyfried, Claus"]
[Black "Mages, Steffen"]
[Result "0-1"]
[WhiteElo "2123"]
[BlackElo "2101"]
[Annotator ""]
[Source ""]
[Remark ""]

1.e4 c5 2.c3 e5 3.Nf3 Nc6 4.d4 cxd4 5.cxd4 exd4 6.Nxd4 Nf6 7.Nc3
Bb4 8.Nxc6 bxc6 9.Bd3 O-O 10.O-O d5 11.exd5 cxd5 12.Bg5 Bxc3
13.bxc3 h6 14.Bh4 Re8 15.Qd2 Qd6 16.Rfe1 Bb7 17.Rab1 Bc6 18.Bg3
Qa3 19.f3 Qa5 20.Be5 Nd7 21.Bd4 Nc5 22.Bc2 Rad8 23.Rbc1 Kf8 24.Qf2
Rxe1+ 25.Rxe1 Ne6 26.Be5 Qxa2 27.h4 Ba4 28.Bxa4 Qxa4 29.Qg3 Qc6
30.f4 f6 31.f5 Nc5 32.Bd4 Ne4 33.Qd3 Re8 34.Ra1 Qc8 35.g4 h5
36.Qf3 hxg4 37.Qxg4 Re7 38.Qh5 Qc7 39.Qf3 Qb8 40.Qd3 Qf4 41.Qh3
Rb7 42.Bxa7 Rxa7 0-1

[Event "Heilbronner SV 1 - Stuttgarter SF 1"]
[Site "Oberliga Württemberg 2017/2018"]
[Date "2018.02.18"]
[Round "7"]
[White "Bissbort, Julian"]
[Black "Migl, Dieter"]
[Result "0-1"]
[WhiteElo "2021"]
[BlackElo "2106"]
[Annotator ""]
[Source ""]
[Remark ""]

1.e4 c5 2.c3 Nf6 3.e5 Nd5 4.d4 cxd4 5.Nf3 d6 6.Bc4 e6 7.cxd4
Nc6 8.O-O Be7 9.Nbd2 O-O 10.Ne4 dxe5 11.dxe5 Nb6 12.Bb3 Qxd1
13.Rxd1 Bd7 14.Nd6 Na5 15.Bc2 Bc6 16.b3 Bd5 17.Ba3 Rfd8 18.Rac1
Rd7 19.Bd3 Nc6 20.Bb5 a6 21.Be2 Rad8 22.Bc5 Nc8 23.Nxc8 Rxc8
24.Bxe7 Rxe7 25.Rd2 Rb8 26.Rcd1 h6 27.h3 g5 28.Kh2 Bxf3 29.Bxf3
Nxe5 30.Rd8+ Rxd8 31.Rxd8+ Kg7 32.Be4 f5 33.Bd3 Rd7 34.Rxd7+
Nxd7 35.Kg3 Ne5 36.Be2 f4+ 37.Kh2 a5 38.Kg1 Kf6 39.Kf1 Kf5 40.Ke1
Ke4 41.Kd2 Kd4 42.a3 Nc6 43.Bg4 e5 44.Bc8 b6 45.f3 Ne7 46.Be6
Nd5 47.Bxd5 Kxd5 48.Kd3 b5 49.Kc3 e4 50.fxe4+ Kxe4 51.a4 bxa4
52.bxa4 Ke3 0-1